000 01390nam0a2200325 4500
001 RU\NLR\bibl\91708
005 20260419063944.0
010 _a5-7526-0021-9
_9200
021 _aRU
_b1998-7923
_9376
035 _a(NLR Aleph) 000089630
090 _a502436
_c502436
100 _a20000613d1996 |||y0rusy50 ca
101 0 _arus
102 _aRU
105 _ay |||||||||
200 1 _aСоискателю ученой степени
_eСправ.-метод. пособие
_fИжев. гос. техн. ун-т
_g[Сост. д.т.н. С.Г. Селетков
_gНауч. ред. д.т.н., проф. С.Н. Храмов]
210 _aИжевск
_cИжГТУ
_d1996
215 _a72 с.
_d20
320 _aБиблиогр.: с. 72 (7 назв.)
606 0 _aДиссертации
_jРуководства, пособия и т.п.
_xМетоды работы
_91472388
_3RU\NLR\auth\66316576
686 _aЧ215.78я7
702 1 _aХрамов
_bС. Н.
_4340
702 1 _aСелетков
_bС. Г.
_gСергей Григорьевич
712 0 2 _4570
_aИжевский государственный технический университет им. М. Т. Калашникова
_9403502
_3RU\NLR\AUTH\889953746
801 0 _aRU
_bNLR
_c20000613
_gPSBO
801 1 _aRU
_bNLR
_c20000613
852 _aNLR
_j99-4/4133
942 _cBOOK
980 _aNB